000 01018nam a2200277 a 4500
001 BRL_1615
005 20190320211305.0
008 140414s1964----mx-aob####---#000-0#spa-#
041 _aspa
044 _amx
050 4 _aNK845.G8
_b.V55 1964
100 1 _aVillegas Manuel, Víctor
_927444
245 1 0 _aArte popular de Guanajuato
_cVíctor Manuel Villegas ; prólogo Martín Luis Guzmán ; traducción al inglés por Aza Zatz.
260 _aMéxico
_bBanco Nacional de Fomento Cooperativo : Fondo de Fideicomiso para el Fomento de las Artesanias
_c1964
300 _a1 v. (varias paginaciones)
_bil., fotografías (a color), láminas
_c33 cm.
500 _aAu874
500 _aEstado físico: camisa rota
500 _aTexto en: español e inglés
504 _aBibliografía: p. 55
650 1 4 _aArte popular
_zGuanajuato
_927445
650 1 4 _aArtes decorativas
_zGuanajuato
_927446
700 1 _aGuzmán, Martín Luis
_epról.
_98229
700 1 _aZatz, Aza
_etr.
_927447
902 _aGRL
942 _2lcc
_cB
999 _c10424
_d10424